000 nam a22 7a 4500
999 _c9941
_d9941
008 180208b ||||| |||| 00| 0 eng d
100 _aCooper,G.
_96000
245 _aOne Unicorn
260 _aNew York
_bElesvier
_c1981